[Event "Reykjavik op"]
[Site "Reykjavik"]
[Date "2015.03.10"]
[Round "1"]
[White "Haugli, Petter"]
[Black "Thoroddsen, Arni"]
[Result "1-0"]
[WhiteElo "2247"]
[BlackElo "1611"]
[PlyCount "57"]
[EventDate "2015.03.10"]
[EventType "swiss"]
[EventRounds "10"]
[EventCountry "ISL"]
[SourceTitle "CBM 165 Extra"]
[Source "ChessBase"]
[SourceDate "2015.04.21"]
[SourceVersion "1"]
[SourceVersionDate "2015.04.21"]
[SourceQuality "1"]

1. d4 Nf6 2. c4 c5 3. d5 b5 4. cxb5 a6 5. bxa6 Bxa6 6. Nc3 g6 7. Nf3 Bg7 8. e4 Bxf1 9. Kxf1 d6 10. g3 Nbd7 11. Kg2 Qb6 12. a4 Qb4 13. Qc2 0-0 14. Bd2 Rfb8 15. Rab1 Qb3 16. Rhc1 Ng4 17. Be1 Nge5 18. Nxe5 Nxe5 19. Qxb3 Rxb3 20. Rc2 Nd3 21. Bd2 Rab8 22. Nd1 Nxb2 23. Nxb2 Rxb2 24. Rbxb2 Rxb2 25. Rxb2 Bxb2 26. a5 c4 27. Be3 c3 28. a6 c2 29. a7 1-0